Southern Europe - Musicians/Bands - Statistics

General Stats
  • This quiz has been taken 23 times
  • The average score is 15 of 20
Answer Stats
Question Answer % Correct
Nana Mouskouri Greece
100%
Yanni Greece
100%
Demis Roussos Greece
100%
Andrea Bocelli Italy
100%
Il Volo Italy
100%
Domenico Modugno Italy
100%
Blasted Mechanism Portugal
100%
Nuno Bettencourt (Extreme guitarist) Portugal
100%
Enrique Iglesias Spain
100%
Baccara Spain
100%
Las Ketchup Spain
100%
Héroes del Silencio Spain
100%
Los del Río Spain
100%
Lacuna Coil Italy
50%
Salvador Sobral Portugal
50%
Dead Combo Portugal
50%
The Gift Portugal
50%
Vangelis Greece
0%
Gus G (Ozzy Osbourne guitarist) Greece
0%
Eiffel 65 Italy
0%
No matching quizzes found
Score Distribution
Percent of People with Each Score
Percentile by Number Answered
Your Score History
You have not taken this quiz